000 00479nam a2200169 i 4500
001 41224
003 ES-MaACL
005 20230906160409.0
007 t|
008 030310s1969 sp ||||1| spa d
100 1 _aCarande, Ramón.
_934952
245 1 0 _aSiete estudios de Historia de España /
_cRamón Carande.
260 _aBarcelona :
_bAriel,
_c1969.
300 _a229 p. ;
_c18 cm.
740 0 _a7 estudios de Historia de España.
852 _aES-MaACL
_jC-40716
_bR.71733
999 _c41224
_d41224